000 00303nam a2200109Ia 4500
008 220624s9999 xx 000 0 und d
020 _a0 7993 2293 8
082 _aAF DECK
100 _aDe Kock, Helene
_967844
245 0 _aDIE VRYSTAATIS VERNIET
942 _cBK
_w561
_xJohn Tresidder
_y
_zCRON CRON
999 _c687353
_d687352